000 00591nam a22002177a 4500
003 UA-OsUOA
001 49409
007 ta
008 20071004b un ||||| |||| 00| 0 ukr d
090 _a82.09
_bІ-90
942 _cBK
040 _aUA-OsUOA
_brus
_cUA-OsUOA
_dUA-OsUOA
245 _aИстория русской журналистики 18-19 веков
300 _a517 с.
955 _a1
041 _arus
080 _a82.09
260 _aМ.
_bВысшая школа
_c1973
650 7 _a82 Література. Літературознавство
_2UDC
999 _c335514
_d335514